| 000 | 00554nam a2200205 i 4500 | ||
|---|---|---|---|
| 001 | 175885 | ||
| 003 | ES-MaACL | ||
| 005 | 20250829062549.0 | ||
| 007 | t| | ||
| 008 | 101129s1928 fr ||||1| fre d | ||
| 080 | _a303.422 | ||
| 100 | 1 |
_aMaurois, André, _d1885-1967 _979267 |
|
| 245 | 1 | 0 |
_aAspects de la biographie / _cAndré Maurois. |
| 260 |
_aParis : _bSans Pareil, _c1928. |
||
| 300 |
_a178, [2], XII p. ; _c19 cm. |
||
| 546 | _aTexto en francés. | ||
| 650 | 4 |
_aBiografías. _910574 |
|
| 852 |
_aES-MaACL _jE-13703 |
||
| 999 |
_c175885 _d175885 |
||